000 00613nam a2200241Ia 4500
003 OSt
005 20220928140215.0
006 a|||||r|||| 00| 0
007 ta
008 220927b |||||||| |||| 00| 0 eng d
024 _a7626
037 _cTextual
040 _aSDCL
_cSDCL
_beng
041 _2eng
_aeng
082 _aX:75, L7
100 _aSandford C T
_9447733
245 0 _aCase studies in economics
_b Economic policy
250 _a2
260 _c1977
700 _a Bradbury M S
_9447734
942 _hX:75, L7
_cTEXL
_2CC
999 _c810669
_d810669